000 00262nam a2200097Ia 4500
082 _aR 510 BOLT
245 0 _aThe story of an African game
100 _a ODENDAAL, Andre Claremont, 2003
_955139
942 _cBK
008 210817s9999 xx 000 0 und d
999 _c293387
_d293387